000 00916nam a22003011 4500
001 324307
003 ARRUPE
005 20160927095609.0
008 700415s1968 enka b 000 0 eng
010 _a 74366058
015 _aB68-13082
020 _a0718813308
040 _aDLC
_cDLC
_dDLC
041 1 _aengfre
050 0 0 _aBV3625.C6
_bA73
082 0 0 _a276/.24
100 1 _aAndersson, Efraim.
_926204
245 1 0 _aChurches at the grass-roots:
_ba study in Congo-Brazzaville
_c/Efraim Andersson
260 _aLondon,
_bLutterworth
_c1968.
300 _axii, 296 p.;
_billus.
_c23 cm.
350 _a37/6
440 0 _aWorld studies of churches in mission
_926205
504 _aBibliography: p. 267-270.
650 0 _aMissions
_zCongo (Brazzaville)
_926206
651 0 _aCongo (Brazzaville)
_xChurch History.
_926207
906 _a7
_bcbc
_corignew
_du
_encip
_f19
_gy-gencatlg
942 _2lcc
_cMONOGRAPH
999 _c125352
_d125352